Skład Crystal Palace w Premier League 2023/24 - Statystyki

Ogólne statystyki
  • Ten quiz został rozwiązany 19 razy
  • Średni wynik to 10 z 29
Statystyki odpowiedzi
Numer Zawodnik % Poprawnych
10 Eberechi Eze
78%
14 Jean-Philippe Mateta
78%
7 Michael Olise
78%
6 Marc Guehi
72%
30 Dean Henderson
61%
3 Tyrick Mitchell
61%
16 Joachim Andersen
56%
9 Jordan Ayew
56%
2 Joel Ward
50%
22 Odsonne Edouard
50%
15 Jeff Schlupp
44%
1 Sam Johnstone
44%
28 Cheick Doucoure
39%
19 Will Hughes
39%
8 Jefferson Lerma
33%
26 Chris Richards
28%
17 Nathaniel Clyne
28%
11 Matheus Franca
22%
5 James Tomkins
17%
49 Jesurun Rak-Sakyi
11%
29 Naouirou Ahamada
11%
47 Jack Wells-Morrison
6%
44 Jairo Riedewald
6%
23 Malcolm Ebiowei
6%
36 Nathan Ferguson
6%
31 Remi Matthews
6%
4 Rob Holding
6%
42 Sean Grehan
6%
41 Joe Withworth
0%
Nie znaleziono quizów pasujących do podanych kryteriów
Rozkład punktacji
Procent ludzi z każdym wynikiem
Percentyl według liczby udzielonych odpowiedzi
Twoja historia wyników
Nie rozwiązałeś tego quizu